Pahari and Pothwari: A sociolinguistic survey / (Record no. 526819)

000 -LEADER
fixed length control field 00377nam a22001457a 4500
003 - CONTROL NUMBER IDENTIFIER
control field NUST
038 ## - RECORD CONTENT LICENSOR
Staff Name waseem
082 ## - DEWEY DECIMAL CLASSIFICATION NUMBER
Classification number 306.44
Author Mark LOT
100 ## - MAIN ENTRY--PERSONAL NAME
Personal name Lothers, Michael
9 (RLIN) 17814
245 ## - TITLE STATEMENT
Title Pahari and Pothwari: A sociolinguistic survey /
Statement of responsibility, etc. Michael Lothers
260 ## - PUBLICATION, DISTRIBUTION, ETC.
Place of publication, distribution, etc. Rawalpindi :
Name of publisher, distributor, etc. Neelab Printers,
Date of publication, distribution, etc. 2010.
300 ## - PHYSICAL DESCRIPTION
Extent 256 p. ;
500 ## - GENERAL NOTE
General note Papercover.
942 ## - ADDED ENTRY ELEMENTS (KOHA)
Source of classification or shelving scheme
Koha item type Book
Holdings
Withdrawn status Lost status Source of classification or shelving scheme Damaged status Not for loan Permanent Location Current Location Date acquired Total Checkouts Full call number Barcode Date last seen Price effective from Koha item type
          Central Library (CL) Central Library (CL) 07/16/2019   306.44 LOT CL-E-2027 07/16/2019 07/16/2019 Book
© 2023 Central Library, National University of Sciences and Technology. All Rights Reserved.